La categoría de la trascendentalidad inmanente a la vida real en la crítica de la utopía propuesta por Franz J. Hinkelammenrt: alcances filosóficos y políticos

Uloženo v:
Podrobná bibliografie
Hlavní autor: Azofeifa Sánchez, Yonnhy Reynaldo
Médium: Kniha
Jazyk:Undetermined
Vydáno: San José, Costa Rica Escuela de Filosofía, Universidad de Costa Rica 1997
Témata:
Tagy: Přidat tag
Žádné tagy, Buďte první, kdo vytvoří štítek k tomuto záznamu!

MARC

LEADER 00000nam a2200000Ia 4500
008 170316s9999 xx 000 0 und d
040 |a cru BVZT 
090 |a TESIS 581 
100 |a Azofeifa Sánchez, Yonnhy Reynaldo 
245 |a La categoría de la trascendentalidad inmanente a la vida real en la crítica de la utopía propuesta por Franz J. Hinkelammenrt: alcances filosóficos y políticos 
260 |a San José, Costa Rica 
260 |b Escuela de Filosofía, Universidad de Costa Rica 
260 |c 1997 
300 |a 193 páginas 
650 |a LICENCIATURA EN FILOSOFÍA 
650 |a TRABAJO FINAL DE GRADUACIÓN 
999 |c 14229  |d 14229 
942 |c TFG  |h TESIS 581  |2 z